Cruising utopia : l'orizzonte della futurità queer /
I tiakina i:
| Kaituhi matua: | |
|---|---|
| Ētahi atu kaituhi: | , |
| Hōputu: | Pukapuka |
| Reo: | Itāriana |
| I whakaputaina: |
Roma :
Nero,
2022
|
| Rangatū: | Not ;
29 |
| Ngā Tūtohu: |
Kāore He Tūtohu, Me noho koe te mea tuatahi ki te tūtohu i tēnei pūkete!
|
MARC
| LEADER | 00000nam a22000007i 4500 | ||
|---|---|---|---|
| 001 | IT\ICCU\TSA\1733161 | ||
| 003 | ItRI | ||
| 005 | 20260115232146.0 | ||
| 008 | 220315s2022 it |||||| ||||| |||||c | ||
| 020 | |a 9788880561385 | ||
| 040 | |b ita |c importazione bologna sebina | ||
| 041 | 7 | |a ita |2 ISO-639-2 | |
| 100 | 1 | |a Munoz, José Esteban |0 IT\ICCU\UBOV\894113 | |
| 240 | 1 | 0 | |a Cruising utopia |3 IT\ICCU\TSA\1733138 |9 Munoz, José Esteban |
| 245 | 1 | 0 | |a Cruising utopia : |b l'orizzonte della futurità queer / |c José Esteban Muñoz ; traduzione di Nina Ferrante e Samuele Grassi. |
| 260 | |a Roma : |b Nero, |c 2022 | ||
| 300 | |a 270 p. : |b ill. ; |c 22 cm. | ||
| 700 | 1 | |a Ferrante, Nina |0 IT\ICCU\TSAV\668922 |4 trl | |
| 700 | 1 | |a Grassi, Samuele |0 IT\ICCU\MILV\325268 |4 trl | |
| 830 | 0 | |a Not ; |v 29 |0 IT\ICCU\UTO\1280632 | |
| 942 | |2 ddc |c BK |n 0 | ||
| 952 | |0 0 |1 0 |4 0 |6 DOC_306_701000000000000_MUN |7 0 |9 21096 |a BO |b BO |d 2026-01-15 |i 20466 |l 0 |o DOC 306.701 MUN |p BO20466 |r 2026-01-15 23:21:46 |w 2026-01-15 |x [Sebina 5] [1 v.] |y BK |z 1 v. | ||
| 999 | |c 18028 |d 18028 | ||